| 000 | 00497nam a2200169 a 4500 | ||
|---|---|---|---|
| 005 | 20140412111249.0 | ||
| 008 | 030408s19uu xx 00 eng d | ||
| 050 |
_aER _bLo78 |
||
| 100 | _aPatience, John | ||
| 245 |
_aThe lost christmas toys / _cwritten and illustrated by John Patience. |
||
| 260 |
_aBridlington : _bPeter Haddock Ltd, _c199?. |
||
| 300 | _a1 v. (unp.) ; ill. | ||
| 440 | _aStories for Christmas | ||
| 650 | _aToys--Fiction | ||
| 650 | _aChristmas--Fiction | ||
| 999 |
_c103043 _d103043 |
||